| 000 | 02251nam0a2200361 4500 | ||
|---|---|---|---|
| 001 | RU\NLR\BIBL_A\022053931 | ||
| 005 | 20231120094741.0 | ||
| 010 |
_a978-5-907744-63-9 _9500 |
||
| 021 |
_aRU _bКН-П-23-059363 _9КН-П-23-5996 |
||
| 035 | _a(NLR Aleph) 022053931 | ||
| 090 |
_a12606223 _c12606223 |
||
| 100 | _a20231019d2023 k y0rusy50 ca | ||
| 101 | 0 | _arus | |
| 102 | _aRU | ||
| 105 | _aa z 000zy | ||
| 181 | 0 |
_ai3 _baxxe |
|
| 182 | 0 | _an | |
| 200 | 1 |
_aСовершенствование развития нефтегазового комплекса как фактор обеспечения экономической безопасности России _eмонография _fА. Б. Мельников, Ю. А. Чугаева, И. В. Снимщикова _gМинистерство сельского хозяйства РФ, ФГБОУ ВО "Кубанский государственный аграрный университет имени И. Т. Трубилина", Экономический факультет, Кафедра экономики и внешнеэкономической деятельности |
|
| 203 |
_aТекст _bвизуальный _cнепосредственный |
||
| 210 |
_aКраснодар _cКубГАУ _d2023 |
||
| 215 |
_a112 с. _cил., цв. ил., табл. _d20 |
||
| 320 | _aБиблиогр.: с. 107-112 (62 назв.) | ||
| 606 | 1 |
_aНефтегазовые комплексы _xУправление _yРоссийская Федерация _92473323 _3RU\NLR\AUTH\6601685735 |
|
| 606 | 1 |
_aЭнергетическая промышленность _xЭкономическая эффективность _92230361 _3RU\NLR\AUTH\661338701 |
|
| 686 | 1 | _aУ30(2)565.2-434-21(2Р) | |
| 686 | 1 | _aУ30(2)57-971(2Р) | |
| 700 | 1 |
_7ca _8rus _aМельников _bА. Б. _cд-р экон. наук _f1956- _gАлександр Борисович _978297 _3RU\NLR\AUTH\7795371 |
|
| 701 | 1 |
_aЧугаева _bЮ. А. _gЮлия Анатольевна |
|
| 701 | 1 |
_aСнимщикова _bИ. В. _cд-р экон. наук _gИрина Викторовна _9186778 _3RU\NLR\AUTH\770186829 |
|
| 942 | _cBOOK | ||
| 980 | _aNB | ||